| 000 | 00781nam a2200241 i 4500 | ||
|---|---|---|---|
| 001 | bg | ||
| 100 | 1 | _aWITKOWSKI, Andrzej | |
| 245 | 1 | 0 |
_aSprężarki wirnikowe : _bteoria, konstrukcja, eksploatacja / _cAndrzej Witkowski. |
| 260 |
_aGliwice : _bWydaw. Politechniki Śląskiej, _c2004. |
||
| 300 |
_a353, [1] s. : _brys., wykr. ; _c24 cm. |
||
| 504 | _aBibliogr. | ||
| 650 | 9 |
_aSprężarki wirnikowe _xteoria |
|
| 650 | 9 |
_aSprężarki wirnikowe _xbudowa i konstrukcje |
|
| 655 | _aPodręczniki akademickie | ||
| 020 | _a8373352171 | ||
| 040 | _cBPK | ||
| 041 | 0 | _apol | |
| 080 | _a621.51/.54(075.8) | ||
| 920 | _a83-7335-217-1 | ||
| 942 | _cKS | ||
| 008 | s pl f |000 0 pol | ||
| 999 |
_c45159 _d45159 |
||
| 856 |
_uhttp://koha.tu.koszalin.pl/cgi-bin/koha/opac-detail.pl?biblionumber=45159 _yKatalog online BPK |
||